[Event "TUR-ch"]
[Site "Antalya"]
[Date "2013.02.07"]
[Round "8"]
[White "Bayraktar, Armagan"]
[Black "Tuna, Alp"]
[Result "1/2-1/2"]
[WhiteElo "1878"]
[BlackElo "1730"]
[PlyCount "124"]
[EventDate "2013.02.02"]
[EventType "swiss"]
[EventRounds "11"]
[EventCountry "TUR"]
[SourceTitle "CBM 152 Extra"]
[Source "ChessBase"]
[SourceDate "2013.02.25"]
[SourceVersion "1"]
[SourceVersionDate "2013.02.25"]
[SourceQuality "1"]

1. d4 Nf6 2. c4 g6 3. Nc3 Bg7 4. e4 d6 5. Nf3 0-0 6. h3 e5 7. Be3 Nbd7 8. d5 Qe7 9. Be2 Nc5 10. Qc2 a5 11. g4 Ne8 12. Nd2 c6 13. 0-0-0 Nc7 14. h4 cxd5 15. cxd5 N7a6 16. a3 Bd7 17. h5 Rfc8 18. Nc4 Rc7 19. Nb6 Rd8 20. Kb1 Be8 21. Rc1 Nd7 22. Qd2 Nac5 23. Bxc5 Nxc5 24. Bc4 Qf6 25. Qe2 Qe7 26. Qd2 Qf6 27. Qe2 Qe7 28. Qd2 Qf6 29. Qe2 Qe7 30. f3 Bh6 31. hxg6 Bxc1 32. gxh7+ Kh8 33. Kxc1 Qg5+ 34. Kb1 f6 35. Bb5 Bg6 36. Nc4 Nb3 37. Qd1 Rxc4 38. Bxc4 Nd2+ 39. Ka2 Nxc4 40. Qb3 Nd2 41. Qxb7 Nxf3 42. Qe7 f5 43. Qxg5 Nxg5 44. gxf5 Bf7 45. Rh4 Nxh7 46. Nb5 Kg7 47. Kb3 Nf6 48. Ka4 Nxe4 49. Rxe4 Bxd5 50. Rg4+ Kf6 51. Rg6+ Kxf5 52. Rxd6 Rxd6 53. Nxd6+ Ke6 54. Nb5 Bc6 55. Kxa5 Kd5 56. Nc3+ Kc4 57. Kb6 Bf3 58. a4 e4 59. a5 e3 60. a6 e2 61. Nxe2 Bxe2 62. Ka5 Kb3 1/2-1/2